Hop on pop [

Bibliographic Details
Main Author: Suess
Format: Book
Published: South Norwalk : Random House , 19_.
Subjects:

MARC

LEADER 00000cam a2200000 7i4500
001 0000000253
002 000000323
005 20010208.0
020 |a 000000323 
090 0 0 |a JF   |b HOP 
100 1 |a Suess   |f Dr. 
245 1 0 |a Hop on pop [  |h video recording]   |c Dr. Seuss 
260 |a South Norwalk :   |b Random House ,   |c 19_. 
300 |a 1 videocassette VHS (30 minutes) :   |b col.(PAL) 
500 |a Library has 1 copy 
650 0 0 |a Cartoon and carricatures 
999 |a PV0118   |b VIDEO   |c JUNIOR REFERENCE   |e PERPUSTAKAAN KOMUNITI PETALING JAYA